| 000 | 00389 a2200145 4500 | ||
|---|---|---|---|
| 020 | _a0-09-151290-5 | ||
| 040 |
_aDLC _bDLC |
||
| 082 | _a353.00947 | ||
| 100 | 1 | _aCockburn, Andrew | |
| 245 | 0 | 4 |
_aThe threat : inside the Soviet military machine _cAndrew Cockburn |
| 260 |
_aLondon : _bHutchinson, _c1983 |
||
| 300 | _ax, 338 p. | ||
| 650 | 7 | _amilitary forces | |
| 942 |
_cBK _k353.00947 COC _2ddc |
||
| 999 |
_c7291 _d7291 |
||